| 000 | 00703nam a22002295i 4500 | ||
|---|---|---|---|
| 001 | 11882 | ||
| 003 | ES-MaACL | ||
| 005 | 20230906150207.0 | ||
| 007 | t| | ||
| 008 | 940830s1992 sp ||||0| spa j | ||
| 040 |
_aM-BN _bspa _cM-BN |
||
| 080 | _a860-31"19" | ||
| 100 | 1 |
_aMesa y López, Rafael. _980645 |
|
| 245 | 1 | 4 |
_aLas luces de la noche sin fin / _cRafael Mesa y López ; edición de Pablo Quintana. |
| 260 |
_aLa Laguna : _bBenchomo, _c1992. |
||
| 300 |
_a195 p ; _c21 cm. |
||
| 490 | 1 |
_aBiblioteca de obras canarias ; _v15 |
|
| 700 | 1 |
_aQuintana, Pablo. _994677 |
|
| 830 | 0 |
_aBiblioteca de obras canarias ; _v15 _9179219 |
|
| 852 |
_aES-MaACL _jL-19208 _bR.122478 |
||
| 999 |
_c11882 _d11882 |
||